| 000 | 00810nam a2200253Ia 4500 | ||
|---|---|---|---|
| 003 | GCL | ||
| 008 | 140319s9999 xx 000 0 ara d | ||
| 040 |
_aGCL / _cGCL |
||
| 082 | 0 | 4 |
_a550 _bت ا |
| 100 | 1 | _aتاربوك، ادواردجى | |
| 245 | 1 | 0 |
_aالارض: مقدمة للجيولوجيا الطبيعية / _cتاربوك، ادواردجى |
| 700 | 1 | _aلونجز، فريدريك ك | |
| 700 | 1 | _aعمر سليمان حمودة | |
| 700 | 1 | _aالبهلول على اليعقوبى | |
| 700 | 1 | _aمصطفى جمعة سالم | |
| 700 | 1 | _aعمر على سليمان (ترجمة) | |
| 700 | 1 | _aعمر سليمان حمودة (ترجمة) | |
| 300 | _a634 ص | ||
| 490 | _a | ||
| 650 | 0 | 4 | _aالجيولوجيا |
| 650 | 0 | 4 | _aالتعدين |
| 650 | 0 | 4 | _aالارض |
| 942 |
_2ddc _cBK |
||
| 999 |
_c41711 _d41711 |
||